000 01586nam a22002777a 4500
001 8747
003 FISKH
005 20251016145131.0
008 251016b cb ||||| |||| 00| 0 eng d
020 _a9780194790833
040 _aFISKH
_beng
_cFISKH
_dFISKH
050 _aPR6054.E132 R43
082 _a823.914
100 _aBernières, Louis de
_eAuthor
245 _aRed dog /
_cRetold by Jennifer Bassett ; Illustrated by Lachlan Creagh
260 _aNew York :
_bOxford University ,
_c1999
300 _a56 pages :
_billustrations ;
_c20 cm
505 _aN
520 _aRed Dog is a West Australian, a lovable friendly red kelpie who found widespread fame as a result of his habit of travelling all over Western Australia, hitching rides over thousands of miles, settling in places for months at a time and adopting new families before heading off again to the next destination and another family - sometimes returning to say hello years later. While visiting Australia, Louis de Bernieres heard the legend of Red Dog and decided to do some research on this extraordinary story. After travelling to Western Australia and meeting countless people who'd known and loved Red Dog, Louis decided to spread Red Dog's fame a little further. The result is an utterly charming tale of an amazing dog with places to go and people to see. Red Dog will delight readers and animal lovers of all ages.
521 8 _a700
_bLexile
521 8 _aN
_bRaz-Plus
650 _aAnimal stories
_vDog
700 _aCreagh, Lachlan
_eIllustrator
942 _2ddc
_cBK
_n0
999 _c8747
_d8747